03788nam a2200565Ia 45000010005000000080041000050100009000460410014000550820014000692450197000832600013002803000008002935200006003016300023003076300014003306300022003446300024003666300027003906500024004176900024004417000030004657000048004957000038005439010095005819020006006769030038006829040018007209050055007389060006007939070014007999080014008139090040008279100015008679110010008829120014008929130009009069140024009159150019009399160009009589170009009679180014009769190030009905202143010209210007031639220007031709230006031779240014031839420010031979990015032074042241029s9999 xx 000 0 und d a3794 aEspañol aNO APLICA 0aGestión del director en la dimensión administrativa y pedagógica en el Instituto Tecnológico México Vespertino y el Liceo Secundario Vespertino La Esperanza. Año Escolar 2013-2014 aSantiago a127 a5 aActores Educativos aAptitudes aCalidad Educativa aDescentralización aDirectores de Escuelas aGestión Educativa aCopiado sin cambios easesoraCabrera, Ceferina eautoraNúñez Liberata , Rosa Altagracia eautoraCruz Camilo , Ana Siomary  a{"1":"Núñez Liberata ","2":"Cruz Camilo "}b{"1":"Rosa Altagracia","2":"Ana Siomary "} a1 a{"1":"Cabrera"}b{"1":"Ceferina"} aMagíster en aAdministración y Gestión de Centros Educativos a2 aNO APLICA aNO APLICA aISFODOSU, Recinto Emilio Prud'Homme aNULLbNULL a["1"] aNO APLICA aNULL a15 de Enero de 2015 a18/07/15 04:07 aNULL aNULL aNO APLICA a["7","22","29","61","66"] aLa presente  investigación contempló como propósito analizar la gestión del director en las dimensiones Administrativa y Pedagógica en el Instituto Tecnológico  México vespertino y el Liceo Secundario Vespertino La Esperanza. En ésta se tomaron en cuenta los objetivos, las variables e indicadores que pudieron facilitar o dificultar el proceso. Los objetivos en esta investigación fueron encaminados a determinar en que medida el director asume el liderazgo en el funcionamiento de la organización, evaluar los medios utilizados para trabajar la dimensión pedagógica, cómo el clima organizacional favorece la dimensión efectiva e identificar las estrategias usadas en el desarrollo de la dimensión administrativa.Esta investigación tuvo un enfoque cuantitativo, descriptivo, correlacional o explorativo y comparativo ya que los planteamientos a investigar fueron específicos y delimitados, recolectan datos sobre diferentes variables y explican el porqué del problema, causa, consecuencias  y contrastaron los resultados. Las técnicas e instrumentos que se utilizaron fueron la entrevista, la observación y la lista de cotejos, con los cuales se recolectó la información en esta investigación. Los resultados del estudio mostraron que el por ciento mayor de subdirector, coordinador, orientadores y maestros encuestados, relacionado a que si el director proporciona  direccionalidad al trabajo pedagógico  y administrativa de forma equitativa, el 71.9% respondió que siempre el 15.6% respondió que a veces y el 12.5% nunca; en el liceo secundario vespertino La Esperanza afirmaron que el 62.2% respondió siempre y 30.8% a veces, en el Instituto Tecnológico México la principal recomendación estuvo dirigida a las autoridades directivas y maestros y se refiere a que organicen equipos de trabajos para que puedan delegar ciertas funciones y cada cierto tiempo se realicen rendiciones de cuentas de la situación encontrada en las diferentes áreas, para definir nuevas estrategias encaminadas a incorporar mejoras en las dimensiones administrativas y pedagógicas.  a11 a11 a0 aNO APLICA cTesis c3794d3794